Memory, metaphor, mutations : (Record no. 22596)

MARC details
000 -LEADER
fixed length control field 01390nam a22003374a 4500
005 - DATE AND TIME OF LATEST TRANSACTION
control field 20080313095058.0
008 - FIXED-LENGTH DATA ELEMENTS--GENERAL INFORMATION
fixed length control field 070216s2007 ii a b 001 0 eng
010 ## - LCCN (DPL NO)
LC control number ENG-92679
020 ## - INTERNATIONAL STANDARD BOOK NUMBER
International Standard Book Number 9780195673470
Terms of availability 2950.00
020 ## - INTERNATIONAL STANDARD BOOK NUMBER
International Standard Book Number 0195673476
Terms of availability 2950.00
035 ## - SYSTEM CONTROL NUMBER
System control number EN-76212
037 ## - SOURCE OF ACQUISITION
Source of stock number/acquisition DBAD / PUB
040 ## - CATALOGING SOURCE
Original cataloging agency dpl
Language of cataloging English
043 ## - GEOGRAPHIC AREA CODE
Geographic area code a-pk---
082 ## - DEWEY DECIMAL CLASSIFICATION NUMBER
Classification number 709.5409045
100 ## - MAIN ENTRY--PERSONAL NAME
Personal name Dalmia, Yashodhara.
245 ## - TITLE STATEMENT
Title Memory, metaphor, mutations :
Remainder of title contemporary art of India and Pakistan /
Statement of responsibility, etc by Yashodhara Dalmia [and] Salima Hashmi ; edited with an introduction by Yashodhara Dalmia.
260 ## - PUBLICATION, DISTRIBUTION, ETC. (IMPRINT)
Place of publication, distribution, etc New Delhi
Name of publisher, distributor, etc Oxford University Press
Date of publication, distribution, etc 2007
270 ## - ADDRESS
Address YMCA Library Building, Jai Singh Road,
City New Delhi
Postal code 110001
300 ## - PHYSICAL DESCRIPTION
Extent xi, 227 p. :
Other physical details ill. (chiefly col.) ;
Dimensions 29 cm (Hb)
504 ## - BIBLIOGRAPHY, ETC. NOTE
Bibliography, etc Includes bibliographical references and index.
650 ## - SUBJECT ADDED ENTRY--TOPICAL TERM
Topical term or geographic name as entry element Art, Modern
Chronological subdivision 20th century.
650 ## - SUBJECT ADDED ENTRY--TOPICAL TERM
Topical term or geographic name as entry element Art, Modern
Chronological subdivision 21st century.
650 ## - SUBJECT ADDED ENTRY--TOPICAL TERM
Topical term or geographic name as entry element Art, Indic
Chronological subdivision 20th century.
650 ## - SUBJECT ADDED ENTRY--TOPICAL TERM
Topical term or geographic name as entry element Art, Indic
Chronological subdivision 21st century.
650 ## - SUBJECT ADDED ENTRY--TOPICAL TERM
Topical term or geographic name as entry element Art, Pakistani
Chronological subdivision 20th century.
650 ## - SUBJECT ADDED ENTRY--TOPICAL TERM
Topical term or geographic name as entry element Art, Pakistani
Chronological subdivision 21st century.
700 ## - ADDED ENTRY--PERSONAL NAME
Personal name Hashmi, Salima.
942 ## - ADDED ENTRY ELEMENTS (KOHA)
Source of classification or shelving scheme Dewey Decimal Classification
Item type English Books
Call number suffix DAL
Classification part 709.5409045
Holdings
Withdrawn status Lost status Source of classification or shelving scheme Damaged status Not for loan Collection code Home library Current library Date acquired Source of acquisition Cost, normal purchase price Total Checkouts Full call number Barcode Date last seen Copy number Cost, replacement price Koha item type
    Dewey Decimal Classification   Not For Loan Non-fiction D.B.Act.Division D.B.Act.Division 29/01/2009 DBAD / PUB 2950.00   709.5409045 DAL EN-76212 29/01/2009 1 2950.00 English Books

© Delhi Public Library
Hit Counter
free hit counter